LIBRARY ONLINE CATALOGUE

Cancer systems biology / (Record no. 19921)

MARC details
000 -LEADER
fixed length control field 01289cam a2200373 a 4500
001 - CONTROL NUMBER
control field 15923799
003 - CONTROL NUMBER IDENTIFIER
control field OSt
005 - DATE AND TIME OF LATEST TRANSACTION
control field 20240724162335.0
008 - FIXED-LENGTH DATA ELEMENTS--GENERAL INFORMATION
fixed length control field 090923s2010 flua b 001 0 eng
010 ## - LIBRARY OF CONGRESS CONTROL NUMBER
LC control number 2009039065
020 ## - INTERNATIONAL STANDARD BOOK NUMBER
International Standard Book Number 9781439811856
035 ## - SYSTEM CONTROL NUMBER
System control number (DNLM)101515778
040 ## - CATALOGING SOURCE
Original cataloging agency DNLM/DLC
Transcribing agency DLC
Modifying agency DLC
042 ## - AUTHENTICATION CODE
Authentication code pcc
050 00 - LIBRARY OF CONGRESS CALL NUMBER
Classification number RC267
Item number .C36 2010
245 00 - TITLE STATEMENT
Title Cancer systems biology /
Statement of responsibility, etc. edited by Edwin Wang.
260 ## - PUBLICATION, DISTRIBUTION, ETC. (IMPRINT)
Place of publication, distribution, etc. Boca Raton :
Name of publisher, distributor, etc. CRC Press,
Date of publication, distribution, etc. 2010.
300 ## - PHYSICAL DESCRIPTION
Extent xix, 419 p.
490 1# - SERIES STATEMENT
Series statement Chapman & Hall/CRC mathematical and computational biology series ;
Volume/sequential designation 32
504 ## - BIBLIOGRAPHY, ETC. NOTE
Bibliography, etc Includes bibliographical references and index.
650 #0 - SUBJECT ADDED ENTRY--TOPICAL TERM
Topical term or geographic name as entry element Cancer
General subdivision Research
-- Methodology.
650 #0 - SUBJECT ADDED ENTRY--TOPICAL TERM
Topical term or geographic name as entry element Systems biology.
650 #0 - SUBJECT ADDED ENTRY--TOPICAL TERM
Topical term or geographic name as entry element Gene regulatory networks.
650 12 - SUBJECT ADDED ENTRY--TOPICAL TERM
Topical term or geographic name as entry element Neoplasms
General subdivision genetics.
650 22 - SUBJECT ADDED ENTRY--TOPICAL TERM
Topical term or geographic name as entry element Gene Expression Regulation, Neoplastic
General subdivision physiology.
650 22 - SUBJECT ADDED ENTRY--TOPICAL TERM
Topical term or geographic name as entry element Gene Regulatory Networks
General subdivision physiology.
650 22 - SUBJECT ADDED ENTRY--TOPICAL TERM
Topical term or geographic name as entry element Genes, Neoplasm
General subdivision physiology.
650 22 - SUBJECT ADDED ENTRY--TOPICAL TERM
Topical term or geographic name as entry element Systems Biology
General subdivision methods.
700 1# - ADDED ENTRY--PERSONAL NAME
Personal name Wang, Edwin.
830 #0 - SERIES ADDED ENTRY--UNIFORM TITLE
Uniform title Chapman and Hall/CRC mathematical & computational biology series ;
Volume number/sequential designation 32.
906 ## - LOCAL DATA ELEMENT F, LDF (RLIN)
a 7
b cbc
c orignew
d 1
e ecip
f 20
g y-gencatlg
942 ## - ADDED ENTRY ELEMENTS (KOHA)
Source of classification or shelving scheme Library of Congress Classification
Koha item type General Collection
Holdings
Withdrawn status Lost status Source of classification or shelving scheme Not for loan Home library Current library Shelving location Date acquired Cost, normal purchase price Total Checkouts Full call number Barcode Date last seen Copy number Price effective from Koha item type Inventory number
    Library of Congress Classification   Kabarak, Main Campus Kabarak, Main Campus General Stacks 03/02/2023 7839.00   RC267 .C36 2010 C.1 34632 03/02/2023 C.1 03/02/2023 General Collection  
    Library of Congress Classification   Kabarak, Main Campus Kabarak, Main Campus General Stacks 05/02/2025 9706.00   RC267 .C36 2010 C.2 33414 05/02/2025 C.2 05/02/2025 General Collection 2025/2117
    Library of Congress Classification   Kabarak, Main Campus Kabarak, Main Campus General Stacks 05/02/2025 9706.00   RC267 .C36 2010 C.3 33413 05/02/2025 C.3 05/02/2025 General Collection 2025/2118